ঘূর্ণিঝড় সিডর বিধ্বস্ত উপকূল / (Record no. 3350)
[ view plain ]
| 000 -LEADER | |
|---|---|
| fixed length control field | 00731nam a2200229 a 4500 |
| 001 - CONTROL NUMBER | |
| JCCL Control Number | 3350 |
| 003 - CONTROL NUMBER IDENTIFIER | |
| JCCL marc code | BD-JhCC |
| 005 - DATE AND TIME OF LATEST TRANSACTION | |
| control field | 20171112210850.0 |
| 008 - FIXED-LENGTH DATA ELEMENTS--GENERAL INFORMATION | |
| fixed length control field | 171112s2008 bg a|||| ||a| 00| 0 en d |
| 020 ## - INTERNATIONAL STANDARD BOOK NUMBER | |
| International Standard Book Number | 98470156000686 |
| 035 ## - SYSTEM CONTROL NUMBER | |
| system control number | (BD-JhCC)3350 |
| 040 ## - CATALOGING SOURCE | |
| Original cataloging agency | BD-JhCC |
| Modifying agency | BD-JhCC |
| 041 ## - LANGUAGE CODE | |
| Language code of Book | ben |
| 082 ## - DEWEY DECIMAL CLASSIFICATION NUMBER | |
| Classification number | 363.346095492 |
| Author mark and Year | GHU 2008 |
| 245 ## - TITLE STATEMENT | |
| Title | ঘূর্ণিঝড় সিডর বিধ্বস্ত উপকূল / |
| Statement of responsibility, etc | সাজ্জাদ শরিফ ...[et. all]. |
| 260 ## - PUBLICATION, DISTRIBUTION, ETC. (IMPRINT) | |
| Place of publication, distribution, etc | ঢাকা : |
| Name of publisher, distributor, etc | মাওলা ব্রদার্স, |
| Date of publication, distribution, etc | 2008. |
| 300 ## - PHYSICAL DESCRIPTION | |
| Pagination | 332 p. : |
| Other physical details | ills; |
| Dimensions | 18 cm. |
| 650 ## - SUBJECT ADDED ENTRY--TOPICAL TERM | |
| Topical term or geographic name as entry element | Natural Disasters |
| 700 ## - ADDED ENTRY--PERSONAL NAME | |
| Personal name | শরিফ, সাজ্জাদ |
| 942 ## - ADDED ENTRY ELEMENTS (KOHA) | |
| Source of classification or shelving scheme | Dewey Decimal Classification |
| Koha item type | Books |
| Source of classification or shelving scheme | Damaged status | Not for loan | Home library | Current library | Shelving location | Date of accession | Cost, normal purchase price | Total Checkouts | Full call number | Barcode | Date last seen | Copy number | Koha item type |
|---|---|---|---|---|---|---|---|---|---|---|---|---|---|
| Dewey Decimal Classification | JCC Rouf Library | JCC Rouf Library | General Stacks | 11/12/2017 | 1000.00 | 363.346095492 GHU 2008 | 4670 | 11/12/2017 | C-1 | Books | |||
| Dewey Decimal Classification | JCC Rouf Library | JCC Rouf Library | General Stacks | 11/29/2017 | 1000.00 | 363.346095492 GHU 2008 | 4669 | 11/29/2017 | C-1 | Books |